Stručný exkurz Návrhom princípov ochrany životného prostredia vo vzťahu k ozbrojeným konfliktom
Dokončenie Návrhu princípov ochrany životného prostredia vo vzťahu k ozbrojeným konfliktom zo strany Komisie OSN pre medzinárodné právo v roku 2022. Analýza samotného Návrhu, proces jeho tvorby a presmerovanie pozornosti na rozbor činnosti Valného zhromaždenia OSN vo vzťahu k Návrhu. Odpoveď potenci...
Enregistré dans:
| Auteur principal: | |
|---|---|
| Format: | Chapitre de livre |
| Langue: | slovaque |
| Sujets: | |
| Tags: |
Pas de tags, Soyez le premier à ajouter un tag!
|
MARC
| LEADER | 00000naa a2200000 4500 | ||
|---|---|---|---|
| 001 | 0296421 | ||
| 005 | 20240130081831.1 | ||
| 041 | 0 | |a slo | |
| 044 | |a SK | ||
| 245 | 1 | 0 | |a Stručný exkurz Návrhom princípov ochrany životného prostredia vo vzťahu k ozbrojeným konfliktom |c Juraj Panigaj |
| 520 | |a Dokončenie Návrhu princípov ochrany životného prostredia vo vzťahu k ozbrojeným konfliktom zo strany Komisie OSN pre medzinárodné právo v roku 2022. Analýza samotného Návrhu, proces jeho tvorby a presmerovanie pozornosti na rozbor činnosti Valného zhromaždenia OSN vo vzťahu k Návrhu. Odpoveď potenciálneho prínosu Návrhu do budúcnosti. | ||
| 610 | 2 | 0 | |a ochrana prostredia životného |
| 610 | 2 | 0 | |a konflikty medzinárodné |
| 610 | 2 | 0 | |a právo medzinárodné |
| 610 | 2 | 0 | |a Organizácia spojených národov |
| 610 | 2 | 0 | |a rozvoj trvalo udržateľný |
| 100 | 1 | |a Panigaj, Juraj | |